ESSENTIAL ENGLISH GRAMMAR (Record no. 19610)

MARC details
000 -LEADER
fixed length control field 00363nam a22001577a 4500
003 - CONTROL NUMBER IDENTIFIER
control field SGT
020 ## - INTERNATIONAL STANDARD BOOK NUMBER
International Standard Book Number 9788175960299
082 ## - DEWEY DECIMAL CLASSIFICATION NUMBER
Classification number 428.2,MUR
100 ## - MAIN ENTRY--PERSONAL NAME
Personal name MURPHY, RAYMOND
245 ## - TITLE STATEMENT
Title ESSENTIAL ENGLISH GRAMMAR
250 ## - EDITION STATEMENT
Edition statement 2ND
260 ## - PUBLICATION, DISTRIBUTION, ETC. (IMPRINT)
Place of publication, distribution, etc NEW DELHI
Name of publisher, distributor, etc CAMBRIDGE UNIVERSITY PRESS
Year of Publication 2019
300 ## - PAGE DESCRIPTION
No. of Pages 300
650 ## - SUBJECT ADDED ENTRY--TOPICAL TERM
Topical term or geographic name as entry element ENGLISH GRAMMAR
942 ## - ADDED ENTRY ELEMENTS (KOHA)
Source of classification or shelving scheme Dewey Decimal Classification
Koha item type Books
942 ## - ADDED ENTRY ELEMENTS (KOHA)
-- 3
Holdings
Withdrawn status Lost status Source of classification or shelving scheme Damaged status Not for loan Collection code Home library Current library Shelving location Date acquired Vendor Name Cost, normal purchase price SGTU Bill Number Total Checkouts Full call number Accession No. (Barcode) Date last seen Date last borrowed Bill Date Koha item type Use restrictions
    Dewey Decimal Classification     ENGINEERING SGT Engineering Library SGT Engineering Library Text Book 27/12/2019 AHUJA BOOK COMPANY PVT. LTD. 225.00 SGTU 11628 1 428.2,MUR FE7857 01/02/2020 20/01/2020 27/11/2019 Books  
    Dewey Decimal Classification     ENGINEERING SGT Engineering Library SGT Engineering Library Text Book 27/12/2019 AHUJA BOOK COMPANY PVT. LTD. 225.00 SGTU 11628 1 428.2,MUR FE7858 01/01/2021 01/01/2021 27/11/2019 Books  
    Dewey Decimal Classification     ENGINEERING SGT Engineering Library SGT Engineering Library Text Book 27/12/2019 AHUJA BOOK COMPANY PVT. LTD. 225.00 SGTU 11628   428.2,MUR FE7859 27/12/2019   27/11/2019 Books  
    Dewey Decimal Classification     ENGINEERING SGT Engineering Library SGT Engineering Library Text Book 27/12/2019 AHUJA BOOK COMPANY PVT. LTD. 225.00 SGTU 11628 1 428.2,MUR FE7860 11/12/2024 26/11/2024 27/11/2019 Books  
    Dewey Decimal Classification   Not For Loan ENGINEERING SGT Engineering Library SGT Engineering Library Reference Book 27/12/2019 AHUJA BOOK COMPANY PVT. LTD. 225.00 SGTU 11628   428.2,MUR FE7861 27/12/2019   27/11/2019 Books Restricted Access
    Dewey Decimal Classification     ENGINEERING SGT Engineering Library SGT Engineering Library Text Book 27/12/2019 AHUJA BOOK COMPANY PVT. LTD. 225.00 SGTU 11628   428.2,MUR FE7862 27/12/2019   27/11/2019 Books  
    Dewey Decimal Classification     ENGINEERING SGT Engineering Library SGT Engineering Library Text Book 27/12/2019 AHUJA BOOK COMPANY PVT. LTD. 225.00 SGTU 11628   428.2,MUR FE7863 27/12/2019   27/11/2019 Books  
    Dewey Decimal Classification     ENGINEERING SGT Engineering Library SGT Engineering Library Text Book 27/12/2019 AHUJA BOOK COMPANY PVT. LTD. 225.00 SGTU 11628   428.2,MUR FE7864 27/12/2019   27/11/2019 Books  
    Dewey Decimal Classification     ENGINEERING SGT Engineering Library SGT Engineering Library Text Book 27/12/2019 AHUJA BOOK COMPANY PVT. LTD. 225.00 SGTU 11628 1 428.2,MUR FE7865 25/11/2024 11/11/2024 27/11/2019 Books  
    Dewey Decimal Classification     ENGINEERING SGT Engineering Library SGT Engineering Library Text Book 27/12/2019 AHUJA BOOK COMPANY PVT. LTD. 225.00 SGTU 11628 2 428.2,MUR FE7866 16/05/2025 16/05/2025 27/11/2019 Books